00000000nam##2200000za#4500
0019.616171
003CaOODSP
00520210615101445
007ta
008150406|2003||||xxc|||||     f|0| 0 eng|d
020 |a0-660-18958-5
040 |aCaOODSP|beng
043 |an-cn---
0861 |aH39-153/20-2003E
1101 |aCanada. |bHealth Canada.
24510|aCare of the foreskin: : |binformation sheet
260 |aOttawa - Ontario : |bHealth Canada |c2003.
300 |a2p. ; |c28 cm.
4901 |aPostpartum Parent Support Program
5203 |aThis information sheet is one in a series that discusses a range of important topics for parents of newborn babies. Part of the Postpartum Parent Support Program, the topics covered include bathing; breastfeeding; caesarean births; care of the foreskin; circumcision; cord care; being a new grandparent; home safety; breast milk; jaundice; the danger of shaking babies; exercise after a vaginal birth; postpartum adjustment; and sexuality after giving birth. There’s also a questionnaire called “You and Your New Baby.” Each topic is available in packages of 25. Intended for health care professionals implementing the program.
563 |aLoose-leaf
77508|tSoins du pénis non circoncis: : |w(CaOODSP)9.626060
830#0|aPostpartum Parent Support Program.|w(CaOODSP)9.514720